| 000 | 00583nam a2200217 a 4500 | ||
|---|---|---|---|
| 001 | BRCA_7001 | ||
| 005 | 20190320205656.0 | ||
| 008 | 231111s1952----mx-#######---#000-0#spa-# | ||
| 041 | _aspa | ||
| 044 | _amx | ||
| 050 | 4 |
_aHG4537 _b.Q5 _c1952 |
|
| 245 | 1 | 0 |
_aTablas de precios de compra de valores _cFrancisco Quiroz Cuarón |
| 260 |
_aMéxico _bBanco de México _c1952 |
||
| 300 |
_av. 1 _c25 cm. |
||
| 500 | _aI163 | ||
| 650 | 1 | 4 |
_aInversiones _xTablas _917421 |
| 650 | 1 | 4 |
_aInteres _xTablas _917422 |
| 700 | 1 |
_aQuiroz Cuarón, Francisco _917423 |
|
| 902 | _aGFM | ||
| 942 |
_2lcc _cB |
||
| 999 |
_c6682 _d6682 |
||